| 000 | 01129camaa2200325 i 4500 | ||
|---|---|---|---|
| 999 |
_c200451444 _d69656 |
||
| 001 | 200451444 | ||
| 003 | TR-AnTOB | ||
| 005 | 20230120104253.0 | ||
| 007 | ta | ||
| 008 | 060607s1984 tu a b 000 0 tur d | ||
| 035 | _a(TR-AnTOB)200451444 | ||
| 040 |
_aTVG _beng _erda _cTVG _dOCLCQ _dBGZ _dTR-AnTOB |
||
| 041 | 0 | _atur | |
| 050 | 4 |
_aHQ799.T9 _bG65 1984 |
|
| 090 |
_aHQ799.T9 _bG65 1984 |
||
| 100 | 1 |
_aGökçe, Birsen, _d1936- _eauthor _995810 |
|
| 245 | 1 | 0 |
_aOrta öğretim gençliğinin beklenti ve sorunları / _cProf. Dr. Birsen Gökçe. |
| 264 | 1 |
_aAnkara : _bMilli Eğitim Gençlik ve Spor Bakanlığı, _c1984. |
|
| 300 |
_a195 pages : _btables ; _c24 cm |
||
| 336 |
_atext _btxt _2rdacontent |
||
| 337 |
_aunmediated _bn _2rdamedia |
||
| 338 |
_avolume _bnc _2rdacarrier |
||
| 490 | 0 |
_aMillî Eğitim, Gençlik, ve Spor Bakanlığı yayınları ; _v270. _aTanıtıcı yayınlar dizisi ; _v19 |
|
| 504 | _aBIB | ||
| 650 | 7 |
_aGençlik _zTürkiye _2etuturkob _917155 |
|
| 710 | 1 |
_aTurkey. _bGençlik Hizmetleri Genel Müdürlüğü _9131991 |
|
| 942 |
_2lcc _cBK |
||